000 00571nam a2200181 a 4500
001 1764838960336
003 ACL
005 20251204143416.0
008 251204s1972##################000#0#eng##
082 0 4 _a593.1
_bMUR
100 1 _aமுருகேசன், இரா. - Murukēcaṉ, irā.,
_eauthor.
245 1 0 _aபுரோட்டோசோவா - Purōṭṭōcōvā ஆசிரியர் இரா. முருகேசன் :
260 _c1972.
300 _a[v], 248 p.
500 _aIncludes glossary
942 _cREF
040 _aACL
_beng
_cACL
999 _c600061
_d600061